La guerra sucia del agua embotellada /
Por una u otra razón el agua protagoniza o acompaña muchas de las leyendas, mitos e historias de casi todas las civilizaciones del mundo, el agua es considerada germen de vida y su sustentadora. La ciudad del antiguo imperio azteca fue fundada a orillas del lago de Texcoco por una predicción divina....
Enregistré dans:
| Auteur principal: | |
|---|---|
| Format: | Texte |
| Sujets: | |
| Tags: |
Ajouter un tag
Pas de tags, Soyez le premier à ajouter un tag!
|
MARC
| LEADER | 00000 a a2200000 04500 | ||
|---|---|---|---|
| 001 | 18866 | ||
| 003 | |||
| 040 | |||
| 100 | |a Miranda, Gabriela | ||
| 245 | |a La guerra sucia del agua embotellada / |c Gabriela Miranda | ||
| 520 | |a Por una u otra razón el agua protagoniza o acompaña muchas de las leyendas, mitos e historias de casi todas las civilizaciones del mundo, el agua es considerada germen de vida y su sustentadora. La ciudad del antiguo imperio azteca fue fundada a orillas del lago de Texcoco por una predicción divina. En muchas culturas el agua tiene atributos purificadores. Pero el agua no sólo se ha considerado como dadora de vida, sustento y prosperidad o como elemento purificador, también ha protagonizado destrucción y muerte | ||
| 650 | |a AGUA | ||
| 650 | |a CONTAMINACION DEL AGUA | ||
| 650 | |a POLITICA | ||
| 650 | |a MEDIO AMBIENTE | ||
| 650 | |a CAPITALISMO | ||
| 650 | |a CULTURA | ||
| 773 | |g volumen 26, número 1; páginas 83-93 | ||
| 999 | |c 28728 |d 28728 | ||
| 773 | 0 | |0 44156 |9 6784 |d San José, Costa Rica: Universidad Bíblica Latinoamericana |o 03266 |t Vida y Pensamiento / |x 10196366 | |
